Państwa najbliższe do Indii - Statystyki

Ogólne statystyki
  • Ten quiz został rozwiązany 27 286 razy
  • Średni wynik to 16 z 20
Statystyki odpowiedzi
km Państwo % Poprawnych
0 Chiny
98%
0 Pakistan
92%
0 Nepal
90%
1 Sri Lanka
87%
0 Bangladesz
85%
211 Afganistan
83%
453 Tajlandia
82%
0 Bhutan
81%
613 Iran
81%
0 Mjanma
79%
277 Tadżykistan
79%
721 Wietnam
79%
687 Laos
78%
525 Kirgistan
75%
733 Turkmenistan
75%
617 Uzbekistan
74%
808 Kazachstan
73%
157 Indonezja
66%
130 Malediwy
63%
632 Malezja
62%
Nie znaleziono quizów pasujących do podanych kryteriów
Rozkład punktacji
Procent ludzi z każdym wynikiem
Percentyl według liczby udzielonych odpowiedzi
Twoja historia wyników
Nie rozwiązałeś tego quizu